000 01282nam0a2200289 4500
001 RU\NLR\bibl\848741
005 20260405064907.0
010 _a5-279-02262-4
_93000
021 _aRU
_b2005-55151
_92698
035 _a(NLR Aleph) 000837500
090 _a1399522
_c1399522
100 _a20051005d2005 |||y0rusy50 ca
101 0 _arus
102 _aRU
105 _aa |||||||||
200 1 _aТуроперейтинг: организация деятельности
_eучебник для студентов высших учебных заведений туристского профиля
_fЕ.Н. Ильина
_gРос. междунар. акад. туризма
210 _aМосква
_cФинансы и статистика
_d2005
215 _a250, [1] с.
_cил.
_d21
320 _aБиблиогр.: с. 248-249
606 1 _aТуризм
_jУчебники для высших учебных заведений
_xОрганизация
_92057202
_3RU\NLR\auth\66949355
686 _aЧ518.14(0)я73
700 1 _4070
_8rus
_7ca
_aИльина
_bЕ.Н.
_cэкономика туризма
_gЕлена Николаевна
_3RU\NLR\auth\7722847
_95902
801 0 _aRU
_bNLR
_c20051005
_grcr
801 1 _aRU
_bNLR
_c20051005
942 _cBOOK
980 _aNB